00805cam a22002651 45000010005000000030006000050050017000110080041000280100017000690200018000860400040001040420012001440500018001560820008001741000021001822450051002032500047002542600035003013000041003365050007003775200088003845210018004725210018004906500031005082300FISKH20231115122706.0790524s1950 nyua j 000 1 eng  a 50008615  a9780439239035 aDLCcMs-CdOCoLCdWaChenEdDLCbeng apremarc00aPZ7.C5792bHe a8601 aCleary, Beverly.10aHenry Huggins / cillustrated by Louis Darling aFirst Scholastic printing, September 2000  aNew York : bScholastic,c1950 a155 pages :billustrations ;c20 cm  aQ  aWhen Henry adopts Ribsy, a dog of no particular breed, humorous adventures follow. 8 a670 bLexile 8 aQ bRaz-Plus  aDog vJuvenile literature